Marketingová komunikácia - pilier úspešného organizátora veľtrhov

Veľtrh a komunikačné nástroje použité v jednotlivých fázach. Priama osobná komunikácia jednostupňová, nepriama nepersonálna komunikácia viacstupňová. Komunikačná stratégia, komunikačná politika, komunikačná pripravenosť veľtrhu.

Saved in:
Bibliographic Details
Main Author: Baluška, Marek
Format: Book Chapter
Language:Slovak
Subjects:
Tags: Add Tag
No Tags, Be the first to tag this record!

MARC

LEADER 00000naa$a2200000$$$4500
001 0016654
005 20231114074834.2
041 0 |a slo 
044 |a CZ 
245 1 0 |a Marketingová komunikácia - pilier úspešného organizátora veľtrhov  |c aut. Marek Baluška 
520 |a Veľtrh a komunikačné nástroje použité v jednotlivých fázach. Priama osobná komunikácia jednostupňová, nepriama nepersonálna komunikácia viacstupňová. Komunikačná stratégia, komunikačná politika, komunikačná pripravenosť veľtrhu. 
610 2 0 |a komunikácia marketingová 
610 2 0 |a veľtrhy 
610 2 0 |a organizácia 
100 1 |a Baluška, Marek